000 00298nam a2200133Ia 4500
100 _aUniversity of Mumbai
650 _aCompendium
942 _cBK
245 _aCompendium vol. 3
260 _bUniversity of Mumbai
_c2009
082 _a378.155
_bUNI
546 _aENGLISH
_cComputers
999 _c25775
_d25775